Concepts of health and disease : interdisciplinary perspectives /

Bibliographic Details
Other Authors: Caplan, Arthur L., Engelhardt, H. Tristram (Hugo Tristram), Jr., 1941-2018, McCartney, James J.
Format: Book
Language:English
Published: Reading, Mass. : Addison-Wesley, Advanced Book Program/World Science Division, 1981.
Subjects:

MARC

Tag First Indicator Second Indicator Subfields
LEADER 00000pam a2200000 a 4500
001 in00000080265
005 20191214063234.0
008 810310s1981 mau b 00100 eng
010 |a  81004922  
020 |a 0201009730 
035 |a (OCoLC)07284046 
035 |9 AAJ6840AM 
039 0 |a 2  |b 3  |c 3  |d 3  |e 3 
040 |a DLC  |c DLC  |d TXA  |d UtOrBLW 
049 |a TXAM  |c [1481992] 
050 0 0 |a R723  |b .C66 
082 0 |a 610/.1  |2 19 
245 0 0 |a Concepts of health and disease :  |b interdisciplinary perspectives /  |c edited by Arthur L. Caplan, H. Tristam Engelhardt, Jr., James J. McCartney ; foreword by Denton Cooley. 
264 1 |a Reading, Mass. :  |b Addison-Wesley, Advanced Book Program/World Science Division,  |c 1981. 
300 |a xxxi, 756 pages ;  |c 24 cm. 
336 |a text  |b txt  |2 rdacontent 
337 |a unmediated  |b n  |2 rdamedia 
338 |a volume  |b nc  |2 rdacarrier 
504 |a Includes bibliographical references and indexes. 
650 0 |a Medicine  |x Philosophy. 
650 0 |a Health. 
650 0 |a Diseases. 
700 1 |a Caplan, Arthur L. 
700 1 |a Engelhardt, H. Tristram  |q (Hugo Tristram),  |c Jr.,  |d 1941-2018. 
700 1 |a McCartney, James J. 
999 |a MARS 
999 f f |s 726cc5d6-a7e0-34ab-b2d3-b9c035692810  |i 06d37ec1-0b99-37a0-8604-88594cb799de  |t 0 
952 f f |p ric  |a Texas A&M University  |b Rellis Campus  |c Joint Library Facility  |d Remote Storage  |t 0  |e R723 .C66  |h Library of Congress classification  |i unmediated -- volume  |m A14806226716 
998 f f |a R723 .C66  |t 0  |l Remote Storage